El Territorio oceánico de Chile y el desarrollo económico nacional
Saved in:
| 企業作者: | |
|---|---|
| 格式: | 圖書 |
| 語言: | 西班牙语 |
| 出版: |
Valparaíso
Armada de Chile, Dirección General del Territorio Marítimo y de Marina Mercante
1993
|
| 主題: | |
| 標簽: |
添加標簽
沒有標簽, 成為第一個標記此記錄!
|
MARC
| LEADER | 00000nam a2200000 a 4500 | ||
|---|---|---|---|
| 001 | UCX9674 | ||
| 003 | CL-VaPUC | ||
| 005 | 20230622095130.0 | ||
| 008 | 940621e19930000cl 1 spa d | ||
| 082 | 0 | 4 | |a 387.509 |b ARM |2 21 |
| 110 | 2 | |a Armada de Chile |e author |9 616988 | |
| 245 | 1 | 3 | |a El Territorio oceánico de Chile y el desarrollo económico nacional |
| 260 | |a Valparaíso |b Armada de Chile, Dirección General del Territorio Marítimo y de Marina Mercante |c 1993 | ||
| 300 | |a 132 p | ||
| 583 | |a last modification |c 19940621 00:00:00 |k Rodrigo Vera | ||
| 650 | 0 | 0 | |a Transporte marítimo |9 260127 |
| 650 | 0 | 0 | |a Recursos marinos |9 261196 |
| 650 | 0 | 0 | |a Industria pesquera |9 255432 |
| 650 | 0 | 0 | |a Aguas jurisdiccionales |9 295070 |
| 651 | 7 | |a CHILE |2 CL-VaPUC |9 616990 | |
| 942 | |c BK | ||
| 945 | |a mfernand |d 19940621 00:00:00 | ||
| 546 | |a En Español | ||
| 518 | |p Seminario El Territorio Oceánico de Chile y el Desarrollo Económico Nacional, Valparaíso, Chile, 1993 | ||
| 999 | |c 382230 |d 382228 | ||